000 00678nam a2200217Ia 4500
001 4223
003 GE_BSU
008 181216s||||||||xx |||||||||||||| ||und||
040 _cGE_BSU
080 _a66.004.18(075.8)
100 _aКафаров В.В.
245 _aПринципы создания безотходных химических производств.
245 _cред. Д.Н. Семенова.
260 _aМ.
260 _bХимия.
260 _c1982.
300 _a288 стр. 20 см.
300 _e20 табл.
653 _aПринципы создания безотходных химических производств.
942 _cBK
999 _c38233
_d38233